Chars Allemands (WW2) - Statistiques

Statistiques générales
  • Ce quiz a été pris 788 fois
  • Le résultat moyen est 13 sur 30
Statistiques - réponses
Par images Réponse % Correct
Maus
75%
Tiger 1
73%
Elefant
69%
Panther
67%
Panzer 4H
64%
Sturer Emil
58%
Tiger 2
58%
Panzer 2
57%
Panzer 3
55%
Stug 3
52%
Hetzer
48%
Panzer 1
48%
Sturmtiger
47%
Jagdpanther
45%
Jagdtiger
43%
Löwe
40%
Brummbär
39%
Stug 4
39%
Panzer 38(t)
29%
Jagdpanzer 4
28%
A7V
27%
Panzer 35(t)
27%
Grille
25%
Wespe
25%
Bison
24%
Hummel
24%
Marder 3
24%
Luchs
23%
Marder 2
18%
Panzerjäger
13%
Aucun quiz correspondant
Distribution des résultats
% des personnes avec chaque résultat
Percentile par nombre de réponses
Votre historique - résultats
Vous n’avez pas pris ce quiz